| 000 | 00360nam a22001457a 4500 | ||
|---|---|---|---|
| 999 |
_c524299 _d524299 |
||
| 020 | _a978750854003 | ||
| 040 | _cNUST | ||
| 082 |
_a951 _bSHE |
||
| 100 |
_aShenghui Gong _915119 |
||
| 245 | _aChinas Rise as a supercomputing Power | ||
| 260 |
_bBeijing : _cChina Intercontinental press _a2017. |
||
| 300 | _aill,420,p: | ||
| 500 | _aP.B | ||
| 942 |
_2ddc _cBK |
||